Reprezentacje, które nigdy nie grały na Euro - Statystyki

Ogólne statystyki
  • Ten quiz został rozwiązany 856 razy
    594 od ostatniego zresetowania
  • Średni wynik to 14 z 19
Statystyki odpowiedzi
Odpowiedź
% Poprawnych
San Marino
91%
Andora
86%
Litwa
86%
Estonia
84%
Liechtenstein
81%
Luksemburg
81%
Białoruś
77%
Mołdawia
77%
Kosowo
74%
Malta
73%
Czarnogóra
69%
Azerbejdżan
66%
Armenia
66%
Cypr
65%
Bośnia i Hercegowina
61%
Kazachstan
61%
Wyspy Owcze
59%
Gibraltar
57%
Izrael
54%
Nie znaleziono quizów pasujących do podanych kryteriów
Rozkład punktacji
Procent ludzi z każdym wynikiem
Percentyl według liczby udzielonych odpowiedzi
Twoja historia wyników
Nie rozwiązałeś tego quizu od ostatniego zresetowania